[Event "COL-ch Superate B"]
[Site "Colombia"]
[Date "2015.10.14"]
[Round "10.4"]
[White "Pena Bermudez, Juan Camilo"]
[Black "De la Asuncion Ortiz, Angel Mario"]
[Result "1/2-1/2"]
[WhiteElo "1838"]
[BlackElo "1719"]
[PlyCount "151"]
[EventDate "2015.10.14"]
[EventType "swiss (blitz)"]
[EventRounds "12"]
[EventCountry "COL"]
[SourceTitle "EXT 2024"]
[Source "ChessBase"]
[SourceDate "2023.10.10"]
[SourceVersion "1"]
[SourceVersionDate "2023.10.10"]
[SourceQuality "1"]

1. d4 d5 2. c4 e6 3. Nc3 Nf6 4. cxd5 exd5 5. Bg5 Be7 6. Qc2 c6 7. e3 0-0 8. Bd3 h6 9. Bh4 Nbd7 10. Nge2 Re8 11. 0-0 Nf8 12. Rae1 Ne6 13. f3 b6 14. Kh1 c5 15. Bf2 c4 16. Bf5 Nf8 17. Bg1 a6 18. Ng3 Bxf5 19. Nxf5 Ng6 20. e4 dxe4 21. fxe4 Bb4 22. e5 Bxc3 23. bxc3 Nd5 24. Nd6 Re7 25. Rf3 b5 26. Ref1 Nh8 27. Qf5 Qd7 28. Qh5 Rf8 29. Rg3 Ng6 30. Nf5 Ndf4 31. Nxe7+ Qxe7 32. Qf3 Qa3 33. Be3 Ne6 34. d5 Nc7 35. Rxg6 fxg6 36. Qxf8+ Qxf8 37. Rxf8+ Kxf8 38. d6 Ne6 39. g3 Ke8 40. Kg2 Kd7 41. Kf3 a5 42. Ke4 b4 43. cxb4 axb4 44. Kd5 b3 45. axb3 cxb3 46. Bc1 Ng5 47. Kc4 Nf3 48. Bb2 Nxh2 49. Kxb3 Ng4 50. Kc4 Ne3+ 51. Kd4 Nc2+ 52. Kd5 Nb4+ 53. Ke4 Ke6 54. g4 Nc6 55. Bc3 Nd8 56. Kf4 g5+ 57. Ke4 Nf7 58. Bb2 Nh8 59. Ba3 Ng6 60. Bb2 Nh4 61. Ba3 Ng2 62. d7 Kxd7 63. Bf8 Nf4 64. Kf5 Nd5 65. Bxg7 Ne7+ 66. Kf6 Nd5+ 67. Kg6 Ke6 68. Kxh6 Ne7 69. Kxg5 Ng8 70. Bf6 Kf7 71. Kf5 Nh6+ 72. Kf4 Ng8 73. g5 Ke6 74. Kg4 Kf7 75. Kh5 Ke6 76. Kg6 1/2-1/2